000 00736nam a2200241Ia 4500
003 GCL
005 20240530101749.0
008 140319s9999 xx 000 0 ara d
040 _aGCL /
_cGCL
082 0 4 _a574
_bهـ ب
100 1 _aاحمد مستجير
245 1 0 _aالبذور الكونية /
_cاحمد مستجير
260 _a[S.N] :
_bالهيئة المصرية العامة للكتاب ،
_c1989
300 _a159 ص
490 _aالالف كتاب
_v0
650 0 4 _aالعلم
650 0 4 _aالتاريخ الطبيعى
650 0 4 _aالاحياء
650 0 4 _aالتغير البيولوجى
700 1 _aهويل، فريد
700 1 _aماسينج، شاندراويكر
942 _2ddc
_cBK
999 _c27562
_d27562